Statistics for Characters from The Office

Click here to take the quiz!

General Stats

  • This quiz has been taken 37,073 times
    (25,286 since last reset)
  • The average score is 19 of 24

Answer Stats

JobCharacter% Correct
Regional managerMichael Scott
99%
Assistant to the regional managerDwight Schrute
98%
SalesJim Halpert
98%
Reception, sales, office managerPam Beesly
98%
AccountingAngela Martin
90%
AccountingKevin Malone
87%
AccountingOscar Martinez
87%
TempRyan Howard
87%
Sales, briefly
regional manager
Andy Bernard
86%
SalesStanley Hudson
86%
HRToby Flenderson
86%
SalesPhyllis Lapin-Vance
85%
Husband of the above /
business owner
Bob Vance /
Vance Refrigeration
83%
Quality assuranceCreed Bratton
81%
Customer serviceKelly Kapoor
80%
Warehouse foremanDarryl Philbin
74%
Reception (seasons 5-9)Erin Hannon
72%
HR (seasons 5,7)Holly Flax
71%
Supplier relationsMeredith Palmer
69%
VP regional salesJan Levenson
66%
CFODavid Wallace
63%
Warehouse (seasons 1-3)Roy Anderson
63%
Sales (season 3)Karen Filippelli
60%
Traveling salesTodd Packer
53%

Score Distribution

Percentile by Number Answered

Percent of People with Each Score

Your Score History

You have not taken this quiz since the last reset